Znalosti v akci - Kde se znalosti prosazují nejvíce

Bibliographic Details
Main Author: Hujňák, Petr (Author)
Format: Article
Language:Czech

MARC

LEADER 00000naa a2200000uu 4500
001 vtls011073432
003 SK-MaSNL
005 20260302111132.0
008 220810|2002 xo |||||||||||||||||cze|
015 |a SNBRA 
035 |a (urnnbn)urn:nbn:sk:snk:ar-a0ccgi 
035 |a (uuid)fb574f3f-abb7-49ea-8758-0df37eaa46f3 
035 |a urn:nbn:sk:snk-aavior 
040 |a SNKBUCL  |b slo  |c SNKBUCL  |e AACR2 
041 0 |a cze 
044 |a xo  |c SK 
100 1 |a Hujňák, Petr  |4 aut  |9 781247 
245 1 0 |a Znalosti v akci - Kde se znalosti prosazují nejvíce  |c Petr Hujňák 
773 0 |t Systémová integrácia 2002  |d V Žiline : Žilinská univerzita, 2002  |g S. 87-104  |z 8071009970 
954 |a odborná, vedecká literatúra cudzojazyčná (svetová)  |2 lita 
958 |a OND 
958 |a article12 
958 |a chapter 
999 |c 1246421  |d 1248351